Statistics for Albania in Eurovision - 12 points

Click here to take the quiz!

General Stats

  • This quiz has been taken 12 times
    (6 since last reset)
  • The average score is 48 of 51

Answer Stats

HintAnswer% Correct
2023 SF (Televote)Australia
100%
2016 (Jury)Australia
100%
2016 (Televote)Australia
100%
2018 SF (Televote)Cyprus
100%
2018 SF (Jury)Cyprus
100%
2004 SFGreece
100%
2009Greece
100%
2004Greece
100%
2012Greece
100%
2010Greece
100%
2009 SFGreece
100%
2015 SFGreece
100%
2008Greece
100%
2022 (Televote)Greece
100%
2005Greece
100%
2018 (Jury)Italy
100%
2017 (Televote)Italy
100%
2017 (Jury)Italy
100%
2018 (Televote)Italy
100%
2022 (Jury)Italy
100%
2015Italy
100%
2023 (Televote)Italy
100%
2011Italy
100%
2013Italy
100%
2016 SF (Televote)North Macedonia
100%
2005 SFNorth Macedonia
100%
2006 SFNorth Macedonia
100%
2019 (Jury)North Macedonia
100%
2010 SFNorth Macedonia
100%
2019 SF (Jury)North Macedonia
100%
2016 SF (Jury)North Macedonia
100%
2013 SFNorth Macedonia
100%
2017 SF (Televote)Portugal
100%
2014Spain
100%
2007Spain
100%
2023 (Jury)Sweden
100%
2008 SFTurkey
100%
2011 SFTurkey
100%
2007 SFTurkey
100%
2022 SF (Jury)Ukraine
100%
2017 SF (Jury)Moldova
80%
2014 SFMontenegro
80%
2012 SFMontenegro
80%
2019 SF (Televote)Norway
80%
2019 (Televote)Russia
80%
2021 (Jury)Switzerland
80%
2021 (Televote)Switzerland
80%
2021 SF (Televote)Switzerland
80%
2021 SF (Jury)Switzerland
80%
2006Bosnia & Herzegovina
60%
2022 SF (Televote)Bulgaria
60%

Score Distribution

Percentile by Number Answered

Percent of People with Each Score

Your Score History

You have not taken this quiz since the last reset